paroles de chansons de kpop 2 - Statistiques

Statistiques générales
  • Ce quiz a été pris 1 146 fois
  • Le résultat moyen est 7 sur 14
Statistiques - réponses
Paroles Chanson % Correct
Yeah, we were born to be aloneBut why we still looking for love ? Lovesick Girls - BLACKPINK
75%
Don't be afraidLove is the way Shawty I got it You can call me monster Monster - EXO
71%
'Cause I, I, I'm in the stars tonightSo, watch me bring the fire, and set the night alight Dynamite - BTS
67%
Narcissistic, my God, I love it LOVE DIVE - IVE
59%
Love ain't a science, don't need no license SCIENTIST - TWICE
57%
I tell you, this time, I wanna rock with youMoonlight, 이 밤에 shine on you Rock with you - SEVENTEEN
56%
Man, I'm not sorry, I'm dirtyKeep on talking, we don't play by the rules Thunderous - Stray Kids
55%
Get me, get me nowGet me, get me now (zu, zu, zu, zu) Savage - aespa
54%
I can hear it callin'Loving the way you wanna talk Touch me, tease me, feel me up Love Talk (English Version) - WayV
50%
('Cause it's you) You're the one that I want(You) Everything that I want Blue Hour - TOMORROW X TOGETHER
36%
I ain't got no time for the trouble in your eyes This time I'm only lookin' at me, myself, and I SOLO - JENNIE
35%
Head to toe, cool like a lionCEO, boss like a bison I'm in rush, rush, rush 목표를 항해 boom, boom, boom ZOO - SMTOWN
29%
Don't get away, don't get away I gotta make, I'm the one Go Big or Go Home - ENHYPEN
21%
Tell me why so serious, hoping I'll save ya SIREN - P1Harmony
9%
Aucun quiz correspondant
Distribution des résultats
% des personnes avec chaque résultat
Percentile par nombre de réponses
Votre historique - résultats
Vous n’avez pas pris ce quiz